| 000 | 00371nam a2200157Ia 4500 | ||
|---|---|---|---|
| 003 | Ost | ||
| 005 | 20260225132552.0 | ||
| 008 | 260225s9999||||xx |||||||||||||| ||und|| | ||
| 040 | _cfsic | ||
| 041 | _afre | ||
| 082 | _a5.3 | ||
| 100 |
_aCharles André Julien _eAuteur |
||
| 245 | 0 | _aUne pensée anti : | |
| 245 | 0 |
_bcoloniale / _cCharles André Julien |
|
| 942 | _cكتاب | ||
| 999 |
_c34190 _d34190 |
||